000 00370nam a2200145Ia 4500
008 240624s9999 xx 000 0 und d
041 _aeng
082 _a658 HEL
100 _aHELLRIEGEL DON
245 _aMANAGEMENT A COMPETENCY BASED APPROACH
250 _a(9th ed.)
260 _c2007
_aNew Delhi
_bThomson
300 _axxix, : 540 : p. : cm. ; 28
365 _cRS
_b33
999 _c5458
_d5458